[Event "Bayern-chI Bank Hofmann 11th"]
[Site "Bad Wiessee"]
[Date "2007.11.13"]
[Round "4"]
[White "Schulze, Hubertus"]
[Black "Biro, Sandor"]
[Result "1/2-1/2"]
[WhiteElo "2145"]
[BlackElo "2324"]
[PlyCount "35"]
[EventDate "2007.11.10"]
[EventType "swiss"]
[EventRounds "9"]
[EventCountry "GER"]
[SourceTitle "CBM 121 Extra"]
[Source "ChessBase"]
[SourceDate "2008.01.10"]
[SourceVersion "1"]
[SourceVersionDate "2008.01.10"]
[SourceQuality "1"]

1. d4 d5 2. c4 Nc6 3. cxd5 Qxd5 4. e3 e5 5. Nc3 Bb4 6. Bd2 Bxc3 7. bxc3 Nf6 8. c4 Qd6 9. d5 Ne7 10. Qb3 Ne4 11. Nf3 Nxd2 12. Nxd2 0-0 13. e4 Bd7 14. Bd3 c5 15. 0-0 Ng6 16. g3 Bh3 17. Rfe1 b6 18. Bf1 1/2-1/2

[Event "Budapest FS09 FM-A"]
[Site "Budapest"]
[Date "2007.09.08"]
[Round "8"]
[White "Schulze, Hubertus"]
[Black "Mizsei, Janos"]
[Result "1-0"]
[WhiteElo "2145"]
[BlackElo "2118"]
[PlyCount "117"]
[EventDate "2007.09.01"]
[EventType "tourn"]
[EventRounds "11"]
[EventCountry "HUN"]
[SourceTitle "EXT 2008"]
[Source "ChessBase"]
[SourceDate "2007.11.25"]
[SourceVersion "1"]
[SourceVersionDate "2007.11.25"]
[SourceQuality "1"]

1. d4 d5 2. c4 c6 3. Nf3 Nf6 4. Nc3 g6 5. Bg5 Ne4 6. cxd5 Nxg5 7. Nxg5 cxd5 8. e3 Bg7 9. Qf3 0-0 10. Qxd5 Nd7 11. h4 e5 12. dxe5 Nxe5 13. Qxd8 Rxd8 14. Be2 h6 15. Nf3 Be6 16. Nd4 Bd7 17. 0-0 Rac8 18. Rac1 Nc6 19. Nxc6 Bxc6 20. Rfd1 Kf8 21. Kf1 Ke7 22. g3 a5 23. Ke1 Rxd1+ 24. Rxd1 b5 25. Nxb5 Bxb5 26. Bxb5 Bxb2 27. Rd7+ Ke6 28. Rb7 Bc3+ 29. Ke2 Kf6 30. a4 Bb4 31. Kf3 h5 32. Bd7 Rc5 33. Be8 Rf5+ 34. Ke2 Kg7 35. f4 Kf8 36. e4 Rc5 37. Bxf7 Rc2+ 38. Kd3 Rg2 39. Kd4 Rxg3 40. e5 Be7 41. e6 Bxh4 42. Ra7 Bf6+ 43. Ke4 h4 44. Rxa5 h3 45. Bxg6 Rxg6 46. Rh5 Rg3 47. a5 Bd8 48. f5 Ra3 49. a6 Bh4 50. Kd5 Ra5+ 51. Kc6 Rxa6+ 52. Kb5 Rd6 53. Rxh4 Rd5+ 54. Kc6 Rxf5 55. Kd6 Rf3 56. e7+ Kf7 57. Rh7+ Kg6 58. e8Q+ Kxh7 59. Qh5+ 1-0

[Event "Budapest FS09 FM-A"]
[Site "Budapest"]
[Date "2007.09.06"]
[Round "6"]
[White "Letay, Gyula"]
[Black "Schulze, Hubertus"]
[Result "1/2-1/2"]
[WhiteElo "2113"]
[BlackElo "2145"]
[PlyCount "78"]
[EventDate "2007.09.01"]
[EventType "tourn"]
[EventRounds "11"]
[EventCountry "HUN"]
[SourceTitle "EXT 2008"]
[Source "ChessBase"]
[SourceDate "2007.11.25"]
[SourceVersion "1"]
[SourceVersionDate "2007.11.25"]
[SourceQuality "1"]

1. e4 c6 2. d3 d5 3. Nd2 e5 4. Ngf3 Bd6 5. h3 Ne7 6. g3 0-0 7. Bg2 f5 8. Qe2 Nd7 9. b3 Qc7 10. Bb2 b5 11. 0-0 f4 12. Rae1 d4 13. c3 c5 14. Rc1 dxc3 15. Bxc3 Nc6 16. g4 Nb6 17. b4 cxb4 18. Bxe5 Bxe5 19. d4 Nxd4 20. Nxd4 Qd7 21. N4f3 Bc3 22. Nb1 Na4 23. Rfd1 Qe8 24. Nd4 a6 25. e5 Ra7 26. Bc6 Qg6 27. Bd5+ Kh8 28. e6 Re7 29. Nc6 Rxe6 30. Bxe6 Qxe6 31. Qxe6 Bxe6 32. Nxc3 Nxc3 33. Rd2 Nxa2 34. Re1 Bg8 35. Rb2 b3 36. Nd4 Nc3 37. Nxb3 Na4 38. Rbb1 Nc3 39. Rb2 Na4 1/2-1/2

[Event "Budapest FS09 FM-A"]
[Site "Budapest"]
[Date "2007.09.04"]
[Round "4"]
[White "Mayer, Istvan"]
[Black "Schulze, Hubertus"]
[Result "1/2-1/2"]
[WhiteElo "2141"]
[BlackElo "2145"]
[PlyCount "98"]
[EventDate "2007.09.01"]
[EventType "tourn"]
[EventRounds "11"]
[EventCountry "HUN"]
[SourceTitle "EXT 2008"]
[Source "ChessBase"]
[SourceDate "2007.11.25"]
[SourceVersion "1"]
[SourceVersionDate "2007.11.25"]
[SourceQuality "1"]

1. e4 c6 2. c4 d5 3. exd5 cxd5 4. cxd5 Nf6 5. Bb5+ Nbd7 6. Nc3 g6 7. Nge2 Bg7 8. d6 exd6 9. d4 0-0 10. 0-0 a6 11. Bd3 b5 12. Ne4 Nb6 13. Bf4 Nxe4 14. Bxe4 Ra7 15. Rc1 Bb7 16. Bxb7 Rxb7 17. Rc6 Rd7 18. b3 Re8 19. Bd2 Qb8 20. a4 Qb7 21. Rc3 bxa4 22. bxa4 Nxa4 23. Qxa4 Rxe2 24. Rb3 Qa7 25. Be3 d5 26. Qc6 h6 27. Qc8+ Kh7 28. Rb8 g5 29. h4 gxh4 30. Rfb1 Qc7 31. Qg8+ Kg6 32. R8b6+ f6 33. Qe8+ Rf7 34. Rxa6 Kh7 35. Qa8 h3 36. Qxd5 Qc2 37. Rc1 Qg6 38. Qf3 Qxg2+ 39. Qxg2 hxg2 40. Kxg2 Rd7 41. Rh1 Kg6 42. Kf3 Rb2 43. Ra5 Rb3 44. Rg1+ Kf7 45. Ke4 Rb8 46. Rh5 Re8+ 47. Kd3 Red8 48. Kc4 Rc8+ 49. Rc5 Rcd8 1/2-1/2

[Event "Budapest FS09 FM-A"]
[Site "Budapest"]
[Date "2007.09.03"]
[Round "3"]
[White "Schulze, Hubertus"]
[Black "Corke, Anya Sun"]
[Result "0-1"]
[WhiteElo "2145"]
[BlackElo "2149"]
[PlyCount "108"]
[EventDate "2007.09.01"]
[EventType "tourn"]
[EventRounds "11"]
[EventCountry "HUN"]
[SourceTitle "EXT 2008"]
[Source "ChessBase"]
[SourceDate "2007.11.25"]
[SourceVersion "1"]
[SourceVersionDate "2007.11.25"]
[SourceQuality "1"]

1. d4 Nf6 2. c4 c6 3. Nc3 d5 4. Nf3 dxc4 5. a4 Bf5 6. Ne5 Nbd7 7. Nxc4 Nb6 8. Ne5 a5 9. f3 Nfd7 10. Nxd7 Qxd7 11. e4 Bg6 12. Be3 e6 13. Be2 Bb4 14. 0-0 0-0 15. Qb3 Nc8 16. Na2 Bd6 17. Nc1 f6 18. Nd3 Bf7 19. e5 Be7 20. Rac1 Re8 21. f4 Bf8 22. Bf3 Bg6 23. Nc5 Bxc5 24. Rxc5 Ne7 25. Qc3 Red8 26. Rd1 Qc7 27. exf6 gxf6 28. d5 exd5 29. Qxf6 Qd6 30. Qg5 Nf5 31. Bf2 h6 32. Qg4 Qf6 33. Rc3 Rd7 34. Bd4 Qf7 35. Be5 Kh7 36. h4 h5 37. Qg5 Rg8 38. Rd2 Qe7 39. Bd1 Nh6 40. Bxh5 Qe8 41. Bd1 d4 42. Rc5 Bf7 43. Bc2+ d3 44. Rxd3 Bg6 45. Rxd7+ Qxd7 46. Bxg6+ Rxg6 47. Qh5 Rg4 48. Bc3 Qd1+ 49. Kf2 Qc2+ 50. Ke3 Rg3+ 51. Kd4 Qd3+ 52. Ke5 Re3+ 53. Kf6 Qd6+ 54. Kg5 Rg3+ 0-1

[Event "Budapest FS09 FM-A"]
[Site "Budapest"]
[Date "2007.09.01"]
[Round "1"]
[White "Schulze, Hubertus"]
[Black "Banhazi, Istvan"]
[Result "1-0"]
[WhiteElo "2145"]
[BlackElo "2133"]
[PlyCount "87"]
[EventDate "2007.09.01"]
[EventType "tourn"]
[EventRounds "11"]
[EventCountry "HUN"]
[SourceTitle "EXT 2008"]
[Source "ChessBase"]
[SourceDate "2007.11.25"]
[SourceVersion "1"]
[SourceVersionDate "2007.11.25"]
[SourceQuality "1"]

1. d4 Nf6 2. c4 c5 3. d5 e6 4. g3 exd5 5. cxd5 d6 6. a4 g6 7. Bg2 Bg7 8. Nf3 0-0 9. 0-0 Na6 10. Nfd2 Nb4 11. Qb3 Re8 12. Re1 Bf5 13. e4 Qd7 14. Nc3 Nd3 15. Re2 Bh3 16. Nc4 Bxg2 17. Kxg2 Rab8 18. f3 b6 19. Bd2 Bf8 20. Rd1 Nb4 21. Be1 a6 22. h3 h5 23. Ne3 Nh7 24. g4 hxg4 25. hxg4 Ng5 26. Bg3 Kg7 27. Rh1 f6 28. Rd2 Be7 29. Ne2 Rh8 30. Bh4 Rh7 31. Bxg5 Rxh1 32. Bxf6+ Bxf6 33. Kxh1 Rh8+ 34. Kg1 Kg8 35. Ng3 Be5 36. Nef1 Rh3 37. Rg2 Qh7 38. f4 Bxf4 39. Qf3 Be5 40. Rf2 Qe7 41. Kg2 Rh7 42. Ne3 Bd4 43. Ne2 Nd3 44. Rf1 1-0

[Event "Oberliga Bayern 0607"]
[Site "Bayern"]
[Date "2007.02.04"]
[Round "5.8"]
[White "Schulze, Hubertus"]
[Black "Monninger, Moritz Franz"]
[Result "1-0"]
[WhiteElo "2096"]
[BlackElo "2031"]
[PlyCount "71"]
[EventDate "2006.10.15"]
[EventType "team-tourn"]
[EventRounds "9"]
[EventCountry "GER"]
[SourceTitle "EXT 2008"]
[Source "ChessBase"]
[SourceDate "2007.11.25"]
[SourceVersion "1"]
[SourceVersionDate "2007.11.25"]
[SourceQuality "1"]
[WhiteTeam "Nuernberg NT"]
[BlackTeam "Muenchen Tarrasch"]
[WhiteTeamCountry "GER"]
[BlackTeamCountry "GER"]

1. d4 d5 2. c4 e6 3. Nc3 Nf6 4. Bg5 Be7 5. e3 0-0 6. cxd5 exd5 7. Bd3 c6 8. Qc2 Nbd7 9. Nf3 Re8 10. 0-0 Nf8 11. Rab1 Ne4 12. Bxe7 Qxe7 13. b4 Ng6 14. b5 Ng5 15. Nxg5 Qxg5 16. f4 Qd8 17. bxc6 bxc6 18. Rf3 c5 19. dxc5 d4 20. Ne4 Nh4 21. Rg3 Nf5 22. Nd6 Nxd6 23. cxd6 Qxd6 24. Bxh7+ Kh8 25. Be4 Rb8 26. Rxb8 Qxb8 27. Qc6 Be6 28. Qc5 f5 29. Bxf5 Bxf5 30. Qxf5 dxe3 31. Rh3+ Kg8 32. Qd5+ Kf8 33. Rh8+ Ke7 34. Rxe8+ Qxe8 35. Qe5+ Kf7 36. Qxe8+ 1-0

[Event "Mittelfrankenliga-B1 0607"]
[Site "Mittelfranken"]
[Date "2007.01.14"]
[Round "4.1"]
[White "Erlbeck, Peter"]
[Black "Schulze, Hubertus"]
[Result "0-1"]
[WhiteElo "2006"]
[BlackElo "2198"]
[PlyCount "92"]
[EventDate "2006.10.22"]
[EventType "team-tourn"]
[EventRounds "9"]
[EventCountry "GER"]
[SourceTitle "EXT 2011"]
[Source "ChessBase"]
[SourceDate "2010.11.26"]
[SourceVersion "1"]
[SourceVersionDate "2010.11.26"]
[SourceQuality "1"]
[WhiteTeam "Nuernberg Sued SW II"]
[BlackTeam "Nuernberg NT III"]
[WhiteTeamCountry "GER"]
[BlackTeamCountry "GER"]

1. e4 c6 2. d4 d5 3. exd5 cxd5 4. c4 Nf6 5. Nc3 Nc6 6. Bg5 dxc4 7. d5 Na5 8. b4 cxb3 9. axb3 Bd7 10. Nf3 Rc8 11. Nb5 a6 12. Bd2 Bxb5 13. Bxb5+ axb5 14. Rxa5 Qxd5 15. 0-0 b6 16. Ra6 e6 17. Qe2 Qxb3 18. Rxb6 Qc4 19. Qe5 Nd5 20. Rb7 Qc6 21. Rb8 f6 22. Qg3 Kf7 23. Nd4 Bd6 24. Rxc8 Rxc8 25. Qh3 Qd7 26. Qxh7 Rc4 27. Qd3 Nf4 28. Bxf4 Bxf4 29. Rd1 e5 30. Ne2 Qxd3 31. Rxd3 Ke6 32. g3 Bh6 33. f3 g6 34. Nc3 b4 35. Ne4 f5 36. Nf2 Rc3 37. Kf1 Bf8 38. Ke2 Rxd3 39. Kxd3 Kd5 40. Nd1 Bc5 41. g4 Bd4 42. h4 fxg4 43. fxg4 e4+ 44. Kd2 b3 45. h5 gxh5 46. gxh5 Ke6 0-1

[Event "Budapest FS09 FM-A"]
[Site "Budapest"]
[Date "2006.09.05"]
[Round "4"]
[White "Cerasi, Umberto"]
[Black "Schulze, Hubertus"]
[Result "0-1"]
[WhiteElo "2078"]
[BlackElo "2147"]
[PlyCount "64"]
[EventDate "2006.09.02"]
[EventType "tourn"]
[EventRounds "9"]
[EventCountry "HUN"]
[SourceTitle "CBM 114 Extra"]
[Source "ChessBase"]
[SourceDate "2006.11.03"]
[SourceVersion "1"]
[SourceVersionDate "2006.11.03"]
[SourceQuality "1"]

1. e4 c6 2. d4 d5 3. Nd2 dxe4 4. Nxe4 Nd7 5. Bc4 Ngf6 6. Ng5 e6 7. Qe2 Nb6 8. Bd3 h6 9. N5f3 c5 10. c3 Bd7 11. dxc5 Bxc5 12. Ne5 Qc7 13. Ngf3 0-0 14. 0-0 Rfd8 15. h3 Nbd5 16. Re1 a6 17. c4 Nb4 18. Bb1 Nc6 19. Nd3 Nd4 20. Nxd4 Bxd4 21. Nb4 Qb6 22. a3 Rac8 23. Ba2 e5 24. Nd5 Nxd5 25. cxd5 Bf5 26. Qf3 Bg6 27. Re2 Rc2 28. Rxc2 Bxc2 29. h4 Rd6 30. Bc4 Rf6 31. Qg4 Rxf2 32. Kh2 Bf5 0-1

[Event "Mittelfrankenliga-B2b 0506"]
[Site "Germany"]
[Date "2006.03.19"]
[Round "7.1"]
[White "Hetzner, Helmut"]
[Black "Schulze, Hubertus"]
[Result "0-1"]
[WhiteElo "1934"]
[BlackElo "2056"]
[PlyCount "106"]
[EventDate "2005.10.16"]
[EventType "team-tourn"]
[EventRounds "9"]
[EventCountry "GER"]
[SourceTitle "EXT 2007"]
[Source "ChessBase"]
[SourceDate "2006.11.23"]
[SourceVersion "1"]
[SourceVersionDate "2006.11.23"]
[SourceQuality "1"]

1. e4 c6 2. d4 d5 3. e5 h5 4. Bd3 Bg4 5. f3 Bd7 6. Ne2 e6 7. c3 c5 8. Be3 Qb6 9. Qc1 Nc6 10. dxc5 Nxe5 11. cxb6 Nxd3+ 12. Kd2 Nxc1 13. Kxc1 a5 14. Nd2 Ne7 15. Nb3 Nc8 16. Re1 Be7 17. Nf4 g6 18. Kc2 0-0 19. Rad1 Ba4 20. Nd3 Re8 21. Ndc5 Bxc5 22. Bxc5 Ra6 23. Rd4 Bc6 24. f4 a4 25. Nd2 Nxb6 26. Nf3 Nd7 27. Bb4 Raa8 28. Ne5 Nf6 29. h3 Kg7 30. c4 dxc4 31. Nxc6 Nd5 32. Rxc4 Rec8 33. Bc3+ Nxc3 34. bxc3 Rxc6 35. Ree4 Rxc4 36. Rxc4 Ra5 37. Rb4 b5 38. Kd3 Kf6 39. Kd4 Kf5 40. Kc5 Ra8 41. Kxb5 a3 42. g3 f6 43. c4 h4 44. g4+ Kxf4 45. c5+ Kg3 46. Rb3+ Kf2 47. Kc6 e5 48. Kb7 Rf8 49. c6 e4 50. c7 e3 51. Rb6 e2 52. c8Q Rxc8 53. Rxf6+ Kg3 0-1

[Event "Budapest FS03 FM-A"]
[Site "Budapest"]
[Date "2006.03.10"]
[Round "7"]
[White "Metaxasz, Vaszilisz"]
[Black "Schulze, Hubertus"]
[Result "1-0"]
[WhiteElo "2106"]
[BlackElo "2159"]
[PlyCount "93"]
[EventDate "2006.03.04"]
[EventType "tourn"]
[EventRounds "11"]
[EventCountry "HUN"]
[SourceTitle "CBM 111 Extra"]
[Source "ChessBase"]
[SourceDate "2006.05.09"]
[SourceVersion "1"]
[SourceVersionDate "2006.05.09"]
[SourceQuality "1"]

1. c4 c6 2. Nf3 d5 3. d4 Nf6 4. Nc3 g6 5. Bf4 Bg7 6. e3 0-0 7. h3 Nbd7 8. Be2 dxc4 9. Bxc4 Nb6 10. Bd3 Nbd5 11. Be5 Qa5 12. 0-0 Nxc3 13. Qd2 Bxh3 14. b4 Nce4 15. bxa5 Nxd2 16. Nxd2 Bc8 17. Rfc1 a6 18. Nc4 Nd7 19. Bc7 c5 20. Ne5 cxd4 21. exd4 Nxe5 22. dxe5 f6 23. Bb6 fxe5 24. Rc7 Bf6 25. Bc4+ Kg7 26. Bc5 Re8 27. Rb1 Bf5 28. Rbxb7 Be4 29. Ra7 Rec8 30. Bxe7 Rxa7 31. Bxf6+ Kxf6 32. Rxc8 Ke7 33. f3 Ba8 34. Rb8 e4 35. fxe4 Bxe4 36. Rb6 Bb7 37. Re6+ Kd8 38. Rf6 Bc8 39. Rf8+ Kc7 40. Rh8 Kb8 41. Kh2 Rc7 42. Bxa6 h5 43. Rxc8+ Rxc8 44. Bxc8 Kxc8 45. Kg3 g5 46. Kf3 Kb7 47. Ke4 1-0

[Event "Budapest FS03 FM-A"]
[Site "Budapest"]
[Date "2006.03.09"]
[Round "6"]
[White "Schulze, Hubertus"]
[Black "Rummel, Zsolt"]
[Result "1/2-1/2"]
[WhiteElo "2159"]
[BlackElo "2090"]
[PlyCount "80"]
[EventDate "2006.03.04"]
[EventType "tourn"]
[EventRounds "11"]
[EventCountry "HUN"]
[SourceTitle "CBM 111 Extra"]
[Source "ChessBase"]
[SourceDate "2006.05.09"]
[SourceVersion "1"]
[SourceVersionDate "2006.05.09"]
[SourceQuality "1"]

1. d4 d5 2. c4 e6 3. Nc3 Nf6 4. Bg5 c6 5. e3 Be7 6. Nf3 0-0 7. Qc2 Nbd7 8. cxd5 Nxd5 9. Bxe7 Qxe7 10. Nxd5 cxd5 11. Bd3 Nf6 12. 0-0 Bd7 13. Ne5 Rfc8 14. Qd2 Ne4 15. Bxe4 dxe4 16. Nxd7 Qxd7 17. Rfc1 Rxc1+ 18. Rxc1 Rc8 19. Rxc8+ Qxc8 20. Qc3 Qxc3 21. bxc3 b5 22. Kf1 Kf8 23. Ke2 Ke7 24. Kd2 Kd6 25. Kc2 Kc6 26. Kb3 g5 27. g4 Kc7 28. Kb4 Kb6 29. a3 f6 30. a4 a6 31. axb5 axb5 32. Kb3 Kb7 33. Ka3 Ka7 34. Ka2 Kb6 35. Kb2 Kc7 36. Ka3 Kc6 37. Kb3 Kb7 38. Kb4 Kb6 39. h3 h6 40. Kb3 Kb7 1/2-1/2

[Event "Budapest FS08 FM-A"]
[Site "Budapest"]
[Date "2005.08.09"]
[Round "4"]
[White "Schulze, Hubertus"]
[Black "Samak, Alexander"]
[Result "1-0"]
[WhiteElo "2148"]
[BlackElo "2160"]
[PlyCount "85"]
[EventDate "2005.08.06"]
[EventType "tourn"]
[EventRounds "11"]
[EventCountry "HUN"]
[SourceTitle "CBM 107 Extra"]
[Source "ChessBase"]
[SourceDate "2005.09.01"]
[SourceVersion "1"]
[SourceVersionDate "2005.09.01"]
[SourceQuality "1"]

1. d4 Nf6 2. c4 e5 3. dxe5 Ng4 4. Bf4 Bb4+ 5. Nd2 Nc6 6. Ngf3 Qe7 7. e3 Ngxe5 8. Be2 0-0 9. 0-0 Bxd2 10. Qxd2 d6 11. b4 Ng6 12. Bg3 b6 13. Rfc1 Bb7 14. c5 dxc5 15. bxc5 Nce5 16. Nxe5 Nxe5 17. Qc3 f6 18. a4 Qe6 19. a5 Rae8 20. axb6 axb6 21. Ra7 Qc6 22. f3 Kh8 23. Bb5 Qxb5 24. Rxb7 Nd3 25. Rd1 Rxe3 26. cxb6 c5 27. Bf4 Qa4 28. Rxd3 Rxd3 29. Qxd3 Qxf4 30. Rd7 Re8 31. Qd2 Qxd2 32. Rxd2 h5 33. b7 Kh7 34. Kf2 g5 35. Rb2 Rb8 36. Ke3 Kg6 37. Ke4 h4 38. Kd5 h3 39. g3 g4 40. f4 Kf5 41. Kxc5 Ke4 42. Kc6 Kf3 43. Kc7 1-0

[Event "Budapest FS08 FM-A"]
[Site "Budapest"]
[Date "2005.08.07"]
[Round "2"]
[White "Farkas, Laszlo"]
[Black "Schulze, Hubertus"]
[Result "0-1"]
[WhiteElo "2055"]
[BlackElo "2148"]
[PlyCount "126"]
[EventDate "2005.08.06"]
[EventType "tourn"]
[EventRounds "11"]
[EventCountry "HUN"]
[SourceTitle "CBM 107 Extra"]
[Source "ChessBase"]
[SourceDate "2005.09.01"]
[SourceVersion "1"]
[SourceVersionDate "2005.09.01"]
[SourceQuality "1"]

1. d4 f5 2. Nf3 e6 3. c4 Nf6 4. Nc3 Bb4 5. Qb3 a5 6. a3 Bxc3+ 7. Qxc3 0-0 8. b3 b6 9. Bb2 Bb7 10. Nd2 d6 11. f3 Nbd7 12. e3 e5 13. d5 Nc5 14. Be2 Qe7 15. Qc2 Rae8 16. b4 axb4 17. axb4 Ncd7 18. Ra7 Rb8 19. 0-0 f4 20. Qd3 Nh5 21. Rc1 Qg5 22. Nf1 Rf6 23. Rc2 Nf8 24. Bd1 Ng6 25. e4 Nh4 26. Bc1 Qg6 27. Qb3 Rff8 28. Qa2 Qe8 29. c5 Rf7 30. Rb2 Ng6 31. Ba4 Qd8 32. Qa1 Ne7 33. c6 Bc8 34. Bb5 g5 35. Rba2 g4 36. Ra8 Rxa8 37. Rxa8 Rg7 38. fxg4 Nf6 39. Ba6 Kf7 40. Bxc8 Nxc8 41. Qa6 Rg8 42. Qe2 Rxg4 43. h3 Rg8 44. Nh2 Qf8 45. Nf3 Qg7 46. Ne1 Qg6 47. Bxf4 exf4 48. e5 Nxd5 49. Nf3 Qb1+ 50. Ne1 Ne3 51. Kh2 dxe5 52. Qh5+ Qg6 53. Qf3 Qg3+ 54. Qxg3 fxg3+ 55. Kg1 Nd6 56. Ra3 Ndc4 57. Rd3 Ra8 58. Rd7+ Ke6 59. Rg7 Ra1 60. Rxg3 Rxe1+ 61. Kf2 Rf1+ 62. Ke2 Rf7 63. Kd3 Kd5 0-1

[Event "Budapest FS08 FM-A"]
[Site "Budapest"]
[Date "2005.08.06"]
[Round "1"]
[White "Schulze, Hubertus"]
[Black "Gutierrez Castillo, Paloma"]
[Result "1/2-1/2"]
[WhiteElo "2148"]
[BlackElo "2098"]
[PlyCount "78"]
[EventDate "2005.08.06"]
[EventType "tourn"]
[EventRounds "11"]
[EventCountry "HUN"]
[SourceTitle "CBM 107 Extra"]
[Source "ChessBase"]
[SourceDate "2005.09.01"]
[SourceVersion "1"]
[SourceVersionDate "2005.09.01"]
[SourceQuality "1"]

1. d4 d5 2. c4 e6 3. Nc3 c6 4. cxd5 exd5 5. Nf3 Bf5 6. Bf4 Nf6 7. e3 h6 8. Be2 Nbd7 9. h3 Bb4 10. 0-0 0-0 11. a3 Be7 12. b4 b5 13. Qb3 Nb6 14. Ne5 Qc8 15. Rfc1 Nc4 16. Nxc4 dxc4 17. Qb2 Nd5 18. Bg3 a5 19. Bf3 Nxc3 20. Qxc3 axb4 21. axb4 Qb7 22. e4 Be6 23. Bf4 Rfd8 24. Be3 Qd7 25. Rxa8 Rxa8 26. d5 cxd5 27. exd5 Bf5 28. Bd4 Bf8 29. Bc5 Rc8 30. Qd4 Bd3 31. Ra1 Bd6 32. Ra6 Be7 33. d6 Bf6 34. Qd5 Bf5 35. g4 Be6 36. Qe4 c3 37. Bd1 Bc4 38. Bc2 g6 39. Ra7 Qe6 1/2-1/2

[Event "Budapest FS02 IM-B"]
[Site "Budapest"]
[Date "2005.02.12"]
[Round "8"]
[White "Rombaldoni, Denis"]
[Black "Schulze, Hubertus"]
[Result "1-0"]
[WhiteElo "2244"]
[BlackElo "2175"]
[PlyCount "47"]
[EventDate "2005.02.05"]
[EventType "tourn"]
[EventRounds "11"]
[EventCountry "HUN"]
[EventCategory "1"]
[SourceTitle "CBM 104 Extra"]
[Source "ChessBase"]
[SourceDate "2005.03.01"]
[SourceVersion "1"]
[SourceVersionDate "2005.03.01"]
[SourceQuality "1"]

1. d4 f5 2. g3 Nf6 3. Bg2 g6 4. Nh3 Bg7 5. Nf4 Nc6 6. d5 Ne5 7. Nc3 c6 8. h4 cxd5 9. Ncxd5 e6 10. Nxf6+ Qxf6 11. c3 d5 12. Qb3 0-0 13. Be3 Nc6 14. 0-0-0 a5 15. h5 g5 16. h6 Bxh6 17. Nxd5 exd5 18. Bxd5+ Kg7 19. Bc5 Rd8 20. Rh5 g4+ 21. e3 Rxd5 22. Qxd5 Be6 23. Qxc6 bxc6 24. Bd4 1-0

[Event "Budapest FS02 IM-B"]
[Site "Budapest"]
[Date "2005.02.10"]
[Round "6"]
[White "Schneider, Veronika"]
[Black "Schulze, Hubertus"]
[Result "1/2-1/2"]
[WhiteElo "2266"]
[BlackElo "2175"]
[PlyCount "55"]
[EventDate "2005.02.05"]
[EventType "tourn"]
[EventRounds "11"]
[EventCountry "HUN"]
[EventCategory "1"]
[SourceTitle "CBM 104 Extra"]
[Source "ChessBase"]
[SourceDate "2005.03.01"]
[SourceVersion "1"]
[SourceVersionDate "2005.03.01"]
[SourceQuality "1"]

1. e4 c6 2. c4 d5 3. cxd5 cxd5 4. exd5 Nf6 5. Bb5+ Nbd7 6. Nc3 a6 7. Be2 Nb6 8. d4 Nbxd5 9. Nf3 e6 10. 0-0 Be7 11. Ne5 0-0 12. Bf3 h6 13. Re1 Qd6 14. a3 b5 15. Bf4 Bb7 16. Bg3 Nxc3 17. bxc3 Bxf3 18. Qxf3 Qd5 19. Qd3 Rac8 20. a4 b4 21. c4 Qb7 22. a5 Nh5 23. Reb1 Rfd8 24. Qe3 Nxg3 25. hxg3 Bf6 26. c5 Rd5 27. Ra4 Bxe5 28. dxe5 1/2-1/2

[Event "Budapest FS02 IM-B"]
[Site "Budapest"]
[Date "2005.02.08"]
[Round "4"]
[White "Toth, Lili"]
[Black "Schulze, Hubertus"]
[Result "1-0"]
[WhiteElo "2159"]
[BlackElo "2175"]
[PlyCount "99"]
[EventDate "2005.02.05"]
[EventType "tourn"]
[EventRounds "11"]
[EventCountry "HUN"]
[EventCategory "1"]
[SourceTitle "CBM 104 Extra"]
[Source "ChessBase"]
[SourceDate "2005.03.01"]
[SourceVersion "1"]
[SourceVersionDate "2005.03.01"]
[SourceQuality "1"]

1. d4 f5 2. Nc3 Nf6 3. Bg5 e6 4. e4 fxe4 5. Nxe4 Be7 6. Bxf6 Bxf6 7. Nf3 0-0 8. Bd3 Nc6 9. c3 e5 10. d5 Ne7 11. c4 d6 12. Qc2 g6 13. h4 h5 14. Neg5 Nf5 15. Ne6 Bxe6 16. dxe6 Bg7 17. 0-0-0 Qf6 18. Bxf5 Qxf5 19. Qxf5 gxf5 20. c5 Rfd8 21. cxd6 cxd6 22. Rd5 Kf8 23. Ng5 Ke7 24. Rhd1 Bh6 25. f4 Bxg5 26. hxg5 Rac8+ 27. Kb1 Kxe6 28. fxe5 Rc6 29. g6 Rg8 30. exd6 Rcc8 31. d7 Rcd8 32. Rd6+ Ke5 33. Kc2 Rg7 34. Kc3 f4 35. R1d5+ Ke4 36. Kc4 Ke3 37. Rd4 Re7 38. a4 h4 39. Rd3+ Kf2 40. Rd2+ Kg3 41. R6d3+ Re3 42. Rd5 Kg4 43. g7 Re4+ 44. Kc5 Rxa4 45. g8Q+ Rxg8 46. d8Q Rxd8 47. Rxd8 Ra5+ 48. Kc4 Rg5 49. R2d3 a5 50. R8d5 1-0

[Event "Budapest FS02 IM-B"]
[Site "Budapest"]
[Date "2005.02.06"]
[Round "2"]
[White "Prohaszka, Peter"]
[Black "Schulze, Hubertus"]
[Result "1-0"]
[WhiteElo "2194"]
[BlackElo "2175"]
[PlyCount "99"]
[EventDate "2005.02.05"]
[EventType "tourn"]
[EventRounds "11"]
[EventCountry "HUN"]
[EventCategory "1"]
[SourceTitle "CBM 104 Extra"]
[Source "ChessBase"]
[SourceDate "2005.03.01"]
[SourceVersion "1"]
[SourceVersionDate "2005.03.01"]
[SourceQuality "1"]

1. e4 c6 2. d4 d5 3. exd5 cxd5 4. Bd3 Nf6 5. h3 g6 6. Nf3 Bg7 7. 0-0 0-0 8. c3 b6 9. Qe2 Re8 10. Bf4 Nbd7 11. Nbd2 Nf8 12. Rae1 Bf5 13. Ne5 Bxd3 14. Qxd3 e6 15. Ng4 Nxg4 16. hxg4 Qh4 17. Qf3 g5 18. Be5 Ng6 19. Re3 Nxe5 20. dxe5 Qh6 21. Rfe1 Rec8 22. Qe2 Rab8 23. Qd3 b5 24. Rh3 Qg6 25. Qxg6 fxg6 26. Nf3 h6 27. Nd4 Kf7 28. a3 Ke7 29. Rd3 Rb6 30. g3 a5 31. f4 gxf4 32. gxf4 Rg8 33. Rg3 Bf8 34. Kg2 Kd7 35. f5 gxf5 36. gxf5 Rxg3+ 37. Kxg3 exf5 38. e6+ Ke8 39. e7 Bg7 40. Ne6 Kxe7 41. Nxg7+ Kd6 42. Re6+ Kc7 43. Rxb6 Kxb6 44. b4 axb4 45. axb4 d4 46. cxd4 Kc6 47. Nxf5 Kd5 48. Ne7+ Kxd4 49. Nc6+ Kd5 50. Nb8 1-0